Women, peace and security : (Record no. 219)
[ view plain ]
| 000 -LEADER | |
|---|---|
| fixed length control field | 00622cam a2200193 a 4500 |
| 001 - CONTROL NUMBER | |
| control field | 13090047 |
| 005 - DATE AND TIME OF LATEST TRANSACTION | |
| control field | 20240130003539.0 |
| 008 - FIXED-LENGTH DATA ELEMENTS--GENERAL INFORMATION | |
| fixed length control field | 021126s2002 nyu b i000 0 eng c |
| 020 ## - INTERNATIONAL STANDARD BOOK NUMBER | |
| ISBN | 9211302226 |
| 040 ## - CATALOGING SOURCE (பட்டியலாக்க மூலம்) | |
| Original cataloging agency | InIU-L |
| Transcribing agency | ILI |
| Modifying agency | DLC |
| 082 ## - DDC Classification | |
| DDC Edition Number | 22 |
| Class No. | 305.8. |
| 245 00 - TITLE STATEMENT | |
| Title | Women, peace and security : |
| Remainder of title | study submitted by the Secretary-General pursuant to Security Council resolution 1325 (2000). |
| 260 ## - PUBLICATION, DISTRIBUTION, ETC. | |
| Place of publication, distribution, etc. | New York : |
| Name of publisher, distributor, etc. | United Nations, |
| Date of publication, distribution, etc. | 2002. |
| 300 ## - PHYSICAL DESCRIPTION | |
| Extent (e.g. Volumes, Pages etc.) | xii, 179 p. ; |
| 500 ## - GENERAL NOTE | |
| General note | "United Nations publication. Sales no. E.03.IV.1"--T.p. verso. |
| 650 #0 - SUBJECT ADDED ENTRY--TOPICAL TERM | |
| Topical term or geographic name entry element | Women and peace. |
| 650 #0 - SUBJECT ADDED ENTRY--TOPICAL TERM | |
| Topical term or geographic name entry element | Women and war. |
| 942 ## - Koha item type (Biblio) | |
| Koha item type | Books in Stacks (Lending) |
| Lost status | Damaged status | Collection code | Home library | Current library | Date acquired | Full call number | Accession Number | Item type |
|---|---|---|---|---|---|---|---|---|
| Lending | WERC Library | WERC Library | 01/30/2024 | 305.8. | 6422 | Books in Stacks (Lending) |
